000 01375cam a2200409 a 4500
001 7879903
003 OSt
005 20211001113011.0
006 m d
007 cr n
008 070329s2007 gw a sb 001 0 eng d
020 _a9783642090547
035 _a(WaSeSS)ssj0000259672
038 _akhadija
040 _aDLC
_cDLC
_dDLC
_dWaSeSS
042 _apcc
050 4 _aTA480.T54
_bL88 2007
050 4 _aTA480
050 4 _aTA480.T54L88 2007
082 0 0 _a620.189322
_223
_bLUT
100 1 _aLütjering, G.
_q(Gerd)
_982907
210 1 0 _aTitanium
245 1 0 _aTitanium
_cGerd Lütjering, James C. Williams.
250 _a2nd ed.
260 _aBerlin ;
_aNew York :
_bSpringer,
_cc2007.
490 0 _aEngineering materials and processes,
_x1610-0181
504 _aIncludes bibliographical references (p. [417]-429) and index.
506 _aLicense restrictions may limit access.
563 _aPB
650 0 _aTitanium.
_982908
650 0 _aTitanium alloys.
_945186
700 1 _aWilliams, J. C.
_q(James Case),
_d1938-
_982909
773 0 _tSpringerLink ebooks - Chemistry and Materials Science (2007)
856 4 0 _uhttp://www.columbia.edu/cgi-bin/cul/resolve?clio7879903
_zFull text available from SpringerLink ebooks - Chemistry and Materials Science (2007)
910 _aLibrary of Congress record
942 _2ddc
_cBK
999 _c32569
_d32569